00490nam a2200157 a 450000100100000000500170001000800410002702000150006804000250008308200150010810000190012324500580014226000460020030000280024650000580027400004569520201002052407.0150428s2003 bl ac 000 0 spa d a8585663820 aDO-SdBNPbspacBNPHU axxxxbxxxx1 aBorges, Dirceu10aO que Você vai fazer em dezembro? /cDirceu Borges. aSao Paulo, Brasil :bPeiropólis,c2003. a157 p. :bil. ;c21 cm. aIncluye datos biográficos del autor en las solapas.